000 00738nam a2200229Ia 4500
001 dia_7294
003 CHAP
008 220117s2006 xx 000 0 und d
010 _a178497
040 _cCHAP
090 _aF 620 2006
100 _aAlemán Suárez, Jorge Darío
_93793
245 _aGuía de elaboración de un manual de prácticas de laboratorio , taller o campo : asignaturas teórico prácticas /
_c Jorge Darío Alemán Suárez y María Anastasia Mata Mendoza
260 _aMéxico :
_b UACh. Dirección General Académica,
_c2006
300 _a24 p.
901 _aF 620 2006
902 _aM
905 _a0000002006 mx 0000000000spa00
942 _c12
942 _c12
999 _c178497
_d178497